| 000 | 00334 a2200133 4500 | ||
|---|---|---|---|
| 001 | 155452 | ||
| 040 | _cEscola São Tomás de Aquino | ||
| 100 | _aMALUF, Angela Cristina Munhoz | ||
| 240 | 1 | 0 |
_aBrincadeiras para sala de aula _lpor |
| 245 | 1 | 0 | _aBrincadeiras para sala de aula |
| 440 | 1 | _aVozes | |
| 697 | _aEducação | ||
| 942 | _cBK | ||
| 999 |
_c155452 _d155452 |
||